00438nam a2200157Ia 4500008004100000100002800041245003400069245002700103260002500130260000900155300003000164440004900194650000900243650001100252650001700263190423s9999 xx 000 0 und d aLeslie, Robert Franklin 4aThe Bear that came to supper/ cRobert Franklin Leslie bReader's Digest Asia c2019 aPages 79-84, January 2019 aAsia Reader's Digest: Classic Readsv115:671 aBear aMammal aRelationship